00780nam a2200181 a 450000100100000000500170001000800410002704000250006804100130009308200160010611101480012224500650027026000450033530000410038050400730042156300670049470000370056100003113920200930062729.0110614s2004 dr ac 000 0 spa d aDO-SdBNPbspacBNPHU1 aspabeng axxxxbC748m2 aConferencia de Primera Damas, Esposas y Representes de Jefes de Estado y de Gobierno de las Américasn(7a :d2003, oct 15-17:cSanto Domingo)10aMemoria = Memoire /cpresentación Rosa Gómez de Mejía. aSanto Domingo :bAmigo del Hogar,c2004. a400, 500 p. :bil., retrs. ;c30 cm. aIncluye referencias bibliográficas y notas al pie de las páginas aDos obras encuadernadas juntas con paginación independiente.12aGómez de Mejía, Rosa,d1964-